Alle Gastgeberländer der WM - Statistiken

Allgemein
  • Dieses Quiz wurde 74 mal gespielt
  • Das Durchschnittsergebnis liegt bei 24 aus 26
Antwortstatistiken
Jahr Gastgeber % Korrekt
1974 Deutschland
97%
2006 Deutschland
97%
2018 Russland
97%
1994 USA
97%
2026 USA
97%
1950 Brasilien
96%
2014 Brasilien
96%
2026 Kanada
96%
1970 Mexiko
96%
1986 Mexiko
96%
2026 Mexiko
96%
1978 Argentinien
94%
1938 Frankreich
94%
1998 Frankreich
94%
1934 Italien
94%
1990 Italien
94%
2010 Südafrika
93%
2002 Japan
91%
2022 Katar
90%
1982 Spanien
90%
2002 Südkorea
89%
1930 Uruguay
89%
1966 England
87%
1954 Schweiz
83%
1958 Schweden
79%
1962 Chile
56%
Keine übereinstimmenden Quizze gefunden
Verteilung der Resultate
Anzahl Personen mit jedem Resultat
Perzentil nach korrekt beantworteten Fragen
Ihre Resultats-Entwicklung
Sie haben dieses Quiz noch nicht gespielt